Hidden Monitoring Based on Keystroke Dynamics in Online Examination System; Programming and Computer Software; Vol. 48, iss. 6

Manylion Llyfryddiaeth
Parent link:Programming and Computer Software
Vol. 48, iss. 6.— 2022.— [P. 385-398]
Prif Awdur: Kochegurova E. A. Elena Alekseevna
Awdur Corfforaethol: Национальный исследовательский Томский политехнический университет Инженерная школа информационных технологий и робототехники Отделение информационных технологий
Awduron Eraill: Zateev R. P. Roman Pavlovich
Crynodeb:Title screen
The COVID-19 pandemic has accelerated the development of distance learning technologies, where online tests and exams play an important role. In online testing, the detection of various types of academic fraud, including cases where the examinee is falsely represented by another person, is of particular importance. Continuous biometric (behavioral) authentication can be a solution to counter unauthorized access. This paper proposes an authentication technology based on keystroke dynamics and hidden monitoring. An application for collecting and updating keystroke dynamics profiles of domain users and their continuous authentication is developed. The efficiency of reducing the dimension of the keystroke feature space based on the frequency of alphabetic letters is demonstrated. Results of popular performance metrics (FAR, FRR, ERR, ROC, and DET) are significantly improved already when evaluating only metric distances. For instance, ERR is reduced from 10.1% to 0.79%, which is comparable to the estimates provided by the kNN method for its optimal parameters.
Режим доступа: по договору с организацией-держателем ресурса
Iaith:Saesneg
Cyhoeddwyd: 2022
Pynciau:
Mynediad Ar-lein:https://doi.org/10.1134/S0361768822060044
Fformat: MixedMaterials Electronig Pennod Llyfr
KOHA link:https://koha.lib.tpu.ru/cgi-bin/koha/opac-detail.pl?biblionumber=668580

MARC

LEADER 00000naa0a2200000 4500
001 668580
005 20250227104126.0
035 |a (RuTPU)RU\TPU\network\39817 
035 |a RU\TPU\network\36204 
090 |a 668580 
100 |a 20230110d2022 k||y0rusy50 ba 
101 0 |a eng 
102 |a DE 
135 |a drcn ---uucaa 
181 0 |a i  
182 0 |a b 
200 1 |a Hidden Monitoring Based on Keystroke Dynamics in Online Examination System  |f E. A. Kochegurova, R. P. Zateev 
203 |a Text  |c electronic 
300 |a Title screen 
320 |a [References: 51 tit.] 
330 |a The COVID-19 pandemic has accelerated the development of distance learning technologies, where online tests and exams play an important role. In online testing, the detection of various types of academic fraud, including cases where the examinee is falsely represented by another person, is of particular importance. Continuous biometric (behavioral) authentication can be a solution to counter unauthorized access. This paper proposes an authentication technology based on keystroke dynamics and hidden monitoring. An application for collecting and updating keystroke dynamics profiles of domain users and their continuous authentication is developed. The efficiency of reducing the dimension of the keystroke feature space based on the frequency of alphabetic letters is demonstrated. Results of popular performance metrics (FAR, FRR, ERR, ROC, and DET) are significantly improved already when evaluating only metric distances. For instance, ERR is reduced from 10.1% to 0.79%, which is comparable to the estimates provided by the kNN method for its optimal parameters. 
333 |a Режим доступа: по договору с организацией-держателем ресурса 
461 |t Programming and Computer Software 
463 |t Vol. 48, iss. 6  |v [P. 385-398]  |d 2022 
610 1 |a электронный ресурс 
610 1 |a труды учёных ТПУ 
700 1 |a Kochegurova  |b E. A.  |c specialist in the field of Informatics and computer engineering  |c associate Professor of Tomsk Polytechnic University, candidate of technical Sciences  |f 1958-  |g Elena Alekseevna  |3 (RuTPU)RU\TPU\pers\33442  |9 17123 
701 1 |a Zateev  |b R. P.  |g Roman Pavlovich 
712 0 2 |a Национальный исследовательский Томский политехнический университет  |b Инженерная школа информационных технологий и робототехники  |b Отделение информационных технологий  |3 (RuTPU)RU\TPU\col\23515 
801 0 |a RU  |b 63413507  |c 20230110  |g RCR 
856 4 |u https://doi.org/10.1134/S0361768822060044 
942 |c CF